|
|
|
|
| LEADER |
00000cam a2200000 a 4500 |
| 001 |
vtls008865802 |
| 003 |
SK-MaSNL |
| 005 |
20260301215752.0 |
| 008 |
240318s1585 gw lat |
| 015 |
|
|
|a SNBHFA1585
|
| 035 |
|
|
|a urn:nbn:sk:snk-am00g3h3
|
| 035 |
|
|
|a urn:nbn:sk:snk-am3iw4o
|
| 035 |
|
|
|a 4B0A5D2A-5875-4125-884E-04E9CEE109E8
|
| 040 |
|
|
|a SNKHF
|b slo
|c SNK
|e AACR2
|
| 041 |
0 |
|
|a lat
|
| 044 |
|
|
|a gw
|c DE
|
| 072 |
|
7 |
|a 82.0
|x Literatúra (teória)
|2 konspekt
|
| 080 |
|
|
|a 82"04/14"
|2 2011
|
| 100 |
1 |
|
|a Cassius, Caius
|4 aut
|9 92011
|
| 245 |
1 |
0 |
|a Cassii Parmensis, Poetae Inter Epicos veteres eximij, Orphevs
|c Et In Evm Nathanis Chytraei Commentariolvm, Ad informandos studiosae iuuentutis mores vtilissimum
|
| 260 |
|
|
|a Francofvrdi
|b apud Joannem Wechelum
|c MDLXXXV [=1585]
|
| 300 |
|
|
|a 60 strán
|c 16 cm
|
| 500 |
|
|
|a Vinety, vlys, iniciálka s ornamentálnym pozadím na 4 riadky, kustody
|
| 510 |
0 |
|
|a BMC
|c 5/133/1141
|
| 561 |
|
|
|a Proveniencia: pečiatka Museálna Slovenská Spoločnosť.
|5 SNK IE 5197
|
| 563 |
|
|
|a Väzba: plátenná.
|5 SNK IE 5197
|
| 650 |
0 |
7 |
|a stredoveká literatúta
|2 SNKPH
|9 605980
|
| 650 |
0 |
7 |
|a latinská literatúra
|2 SNKPH
|9 1483
|
| 700 |
1 |
|
|a Chytraeus, Nathan,
|d 1543-asi 1598
|4 com
|9 128398
|
| 700 |
1 |
|
|a Wechel, Johann,
|d 1549-1593
|4 prt
|9 341278
|
| 710 |
2 |
|
|a Muzeálna slovenská spoločnosť (Martin, Slovensko)
|4 fmo
|9 33033
|
| 710 |
0 |
|
|a Wechel, Johann (Frankfurt nad Mohanom, Nemecko),
|d 1581-1593
|9 341280
|
| 752 |
|
|
|a Nemecko
|d Frankfurt nad Mohanom
|
| 852 |
|
|
|a snk
|b Historické fondy
|p IE 5197
|
| 958 |
|
|
|a ONDV
|
| 958 |
|
|
|a DA
|
| 999 |
|
|
|c 929500
|d 931430
|
| 952 |
|
|
|t Tlače 16. stor.
|a SNK
|b SNK
|c SNK_HF
|y PREZ
|7 0
|p 17A1302579
|o snkIE 5197
|i snkF 3085/73
|8 5
|0 0
|1 0
|4 0
|d 2019-06-05
|f 1
|l 0
|r 2026-02-24 08:44:21
|w 2026-02-24
|